000 00312nam a22001337a 4500
008 171025b xxu||||| |||| 00| 0 eng d
020 _a9780130451866
041 _aeng
080 _a336.2
100 _a55
101 _aTAK
245 _aCOMPREHENSIVE ASSURANCE & SYSTEMS TOOL
_cBUCKLESS,F.A
942 _2udc
_cBK
999 _c35847
_d35847